Formula 1 - Groups of... #2 - Statistics

General Stats
  • This quiz has been taken 70 times
  • The average score is 25 of 47
Answer Stats
% Correct
Ferrari - 10 341
95%
Mercedes - 7 747.5
93%
Red Bull - 7 873
93%
Bruce McLaren (6y 00m)
92%
McLaren - 7 035.5
92%
Niki Lauda - 420.5
92%
Williams - 3 654
92%
Pirelli
85%
Abu Dhabi (UAE) - 4
79%
2008
77%
2007
75%
Renault - 1 777
75%
1994
72%
1958
70%
1976
70%
Gerhard Berger - 385
70%
1961
69%
1964
69%
1981
67%
1984 (0.5 points)
67%
Lotus - 2 074
67%
Interlagos (Brazil) - 6
61%
Michelin
59%
Suzuka (Japan) - 12
59%
Jochen Rindt - 109
57%
Jack Brabham (5y 10m)
54%
Bridgestone
52%
Monza (Italy) - 11
48%
Kimi Räikkönen (5y 07m)
44%
Goodyear
41%
Alexander Wurz - 45
38%
Dunlop
34%
Christian Klien - 14
31%
Firestone
31%
Nürburgring (Germany) - 4
28%
Mexico City (Mexico) - 5
26%
Rubens Barrichello (4y 10m)
23%
Mario Andretti (5y 07m)
21%
Force India - 1 039
20%
Riccardo Patrese (6y 06m)
20%
Karl Wendlinger - 14
13%
Patrick Friesacher - 3
13%
Englebert
11%
Continental
10%
Avon
8%
Johnny Herbert (4y 00m)
8%
John Watson (4y 11m)
5%
No matching quizzes found
Score Distribution
Percent of People with Each Score
Percentile by Number Answered
Your Score History
You have not taken this quiz